World Map Quiz - Statistics

General Stats
  • This quiz has been taken 18 times
    10 since last reset
  • The average score is 121 of 198
Answer Stats
Country % Correct
Ireland
88%
Australia
75%
Cambodia
75%
Canada
75%
China
75%
Honduras
75%
Hungary
75%
India
75%
Italy
75%
Japan
75%
Kosovo
75%
Liberia
75%
Malaysia
75%
North Korea
75%
Pakistan
75%
Philippines
75%
Russia
75%
Senegal
75%
Singapore
75%
South Korea
75%
Sri Lanka
75%
Thailand
75%
UK / United Kingdom
75%
USA /United States of america
75%
Albania
63%
Algeria
63%
Andorra
63%
Angola
63%
Antigua & barbuda
63%
Argentina
63%
Armenia
63%
Austria
63%
Azerbaijan
63%
Bahamas
63%
Bahrain
63%
Bangladesh
63%
Belarus
63%
Belgium
63%
Belize
63%
Benin
63%
Bhutan
63%
Bolivia
63%
Botswana
63%
Brazil
63%
Brunei
63%
Burkina faso
63%
Burundi
63%
Cameroon
63%
Cape verde
63%
Chad
63%
Chile
63%
Colombia
63%
Comoros
63%
Costa rica
63%
Côte d’Ivoire
63%
Cuba
63%
Cyprus
63%
Czech Republic
63%
Democratic Republic Of The Congo
63%
Denmark
63%
Djibouti
63%
Dominica
63%
Dominican Republic
63%
Ecuador
63%
Egypt
63%
El Salvador
63%
Equatorial Guinea
63%
Eritrea
63%
Estonia
63%
Eswatini
63%
Ethiopia
63%
Fiji
63%
Finland
63%
France
63%
Gabon
63%
Gambia
63%
Georgia
63%
Germany
63%
Greece
63%
Grenada
63%
Guatemala
63%
Guinea
63%
Guinea-Bissau
63%
Guyana
63%
Haiti
63%
Iceland
63%
Indonesia
63%
Iran
63%
Iraq
63%
Israel
63%
Jamaica
63%
Jordan
63%
Kazakhstan
63%
Kenya
63%
Kiribati
63%
Latvia
63%
Lesotho
63%
Libya
63%
Lithuania
63%
Luxembourg
63%
Madagascar
63%
Malawi
63%
Maldives
63%
Mali
63%
Malta
63%
Marshall Islands
63%
Mauritania
63%
Mauritius
63%
Mexico
63%
Micronesia
63%
Moldova
63%
Monaco
63%
Mongolia
63%
Morocco
63%
Myanmar
63%
Namibia
63%
Nauru
63%
Nepal
63%
Netherlands
63%
New Zealand
63%
Nicaragua
63%
Niger
63%
Nigeria
63%
Norway
63%
Oman
63%
Panama
63%
Papua New Guinea
63%
Paraguay
63%
Peru
63%
Poland
63%
Portugal
63%
Qatar
63%
Romania
63%
Rwanda
63%
Saint Kitts And Nevis
63%
Saint Vincent And The Grenadines
63%
Samoa
63%
San Marino
63%
Saudi Arabia
63%
Sierra Leone
63%
Slovakia
63%
Somalia
63%
South Africa
63%
South Sudan
63%
Spain
63%
Sudan
63%
Suriname
63%
Sweden
63%
Switzerland
63%
Syria
63%
Tajikistan
63%
Tanzania
63%
Timor-Leste
63%
Tonga
63%
Trinidad And Tobago
63%
Tunisia
63%
Turkey
63%
Turkmenistan
63%
UAE / United Arab Emirates
63%
Ukraine
63%
Uruguay
63%
Uzbekistan
63%
Vanuatu
63%
Vatican City
63%
Vietnam
63%
Yemen
63%
Zambia
63%
Zimbabwe
63%
Afghanistan
50%
Barbados
50%
Bosnia & Herzegovina
50%
Bulgaria
50%
Congo
50%
Croatia
50%
Ghana
50%
Kuwait
50%
Laos
50%
Lebanon
50%
Liechtenstein
50%
Montenegro
50%
Mozambique
50%
North Macedonia
50%
Palau
50%
Palestine
50%
Serbia
50%
Seychelles
50%
Slovenia
50%
Solomon Islands
50%
Togo
50%
Tuvalu
50%
Uganda
50%
Venezuela
50%
C.A.R
38%
Saint Lucia
38%
Kyrgystan
25%
Western Sahara
13%
Saô tôme and the prinćipe
0%
Wales
0%
No matching quizzes found
Score Distribution
Percent of People with Each Score
Percentile by Number Answered
Your Score History
You have not taken this quiz since the last reset